| 000 | 00746cam a22002653a 4500 | ||
|---|---|---|---|
| 001 | 2560 | ||
| 003 | PGUSA | ||
| 005 | 20140828083016.0 | ||
| 008 | 060518s2006||||xxu|||||s|||||000 1 eng d | ||
| 040 |
_aPGUSA _beng |
||
| 042 | _adc | ||
| 050 | 4 | _aPS | |
| 100 | 1 |
_aHarte, Bret, _d1836-1902 |
|
| 245 | 1 | 4 |
_aThe Three Partners _h[electronic resource] / _cBret Harte |
| 260 |
_bProject Gutenberg, _c2006 |
||
| 506 | _aPublic domain in the USA. | ||
| 516 | _aElectronic text | ||
| 653 | _aCalifornia -- Fiction | ||
| 653 | _aAmerican fiction -- 19th century | ||
| 653 | _aGold mines and mining -- Fiction | ||
| 653 | _aWestern stories | ||
| 830 | 0 |
_aProject Gutenberg _v2560 |
|
| 856 | 4 | 0 | _uhttp://www.gutenberg.org/ebooks/2560 |
| 942 | _cEB | ||
| 999 |
_c231897 _d231897 |
||